| Tag |
First Indicator |
Second Indicator |
Subfields |
| LEADER |
00000cam a2200000 4500 |
| 001 |
in00000068571 |
| 005 |
20151008050233.0 |
| 008 |
720921s1950 nyu b 00000 eng u |
| 010 |
|
|
|a 50007018
|
| 035 |
|
|
|a (OCoLC)00412308
|
| 035 |
|
|
|9 AAG0109AM
|
| 040 |
|
|
|c CSU
|d TXA
|d UtOrBLW
|
| 049 |
|
|
|a TXAM
|c [179675]
|
| 050 |
0 |
0 |
|a HD6515.M5
|b J4
|
| 082 |
0 |
|
|a 331.881/22
|
| 092 |
|
|
|a 331.88122
|b J54h
|
| 100 |
1 |
|
|a Jensen, Vernon H.
|
| 245 |
1 |
0 |
|a Heritage of conflict ;
|b labor relations in the nonferrous metals industry up to 1930.
|
| 264 |
|
1 |
|a Ithaca :
|b Cornell University Press,
|c 1950.
|
| 300 |
|
|
|a xiii, 495 pages :
|b map. ;
|c 24 cm.
|
| 336 |
|
|
|a text
|b txt
|2 rdacontent
|
| 337 |
|
|
|a unmediated
|b n
|2 rdamedia
|
| 338 |
|
|
|a volume
|b nc
|2 rdacarrier
|
| 490 |
1 |
|
|a Industrial and labor relations series
|
| 504 |
|
|
|a Bibliography: pages 467-482.
|
| 650 |
|
0 |
|a Labor unions
|z United States.
|
| 650 |
|
0 |
|a Industrial relations
|z United States.
|
| 650 |
|
0 |
|a Nonferrous metals.
|
| 650 |
|
0 |
|a Miners
|z United States.
|
| 830 |
|
0 |
|a Industrial and labor relations series.
|
| 999 |
|
|
|a MARS
|
| 999 |
f |
f |
|s 31fbc225-b463-3078-b23a-1529e1128d1e
|i a9fee8dd-7cc5-3cbf-bf9a-3a148d2c0dc1
|t 0
|
| 952 |
f |
f |
|p ric
|a Texas A&M University
|b Rellis Campus
|c Joint Library Facility
|d Remote Storage
|t 0
|e HD6515.M5 J4
|h Library of Congress classification
|i unmediated -- volume
|m A14800725102
|
| 998 |
f |
f |
|a HD6515.M5 J4
|t 0
|l Remote Storage
|